University Education as a Motivation Towards One's Own Business

Výskum zameraný na absolventov. Vzorka bakalárov z Fakulty podnikového mamažmentu Ekonomickej univerzity v Bratislave. Záujem o vybudovanie vlastného podniku u bakalárov, alebo o zamestnanie sa v rodinnom podniku.

Gespeichert in:
Bibliographische Detailangaben
1. Verfasser: Šúbertová, Elena
Weitere Verfasser: Halašová, Darina, 1954-
Format: Buchkapitel
Sprache:Englisch
Schlagworte:
Tags: Tag hinzufügen
Keine Tags, Fügen Sie das erste Tag hinzu!

MARC

LEADER 00000naa$a2200000$$$4500
001 0242002
005 20240524094031.7
041 0 |a eng 
044 |a SK 
245 1 0 |a University Education as a Motivation Towards One's Own Business  |c Elena Šúbertová, Darina Halašová 
520 |a Výskum zameraný na absolventov. Vzorka bakalárov z Fakulty podnikového mamažmentu Ekonomickej univerzity v Bratislave. Záujem o vybudovanie vlastného podniku u bakalárov, alebo o zamestnanie sa v rodinnom podniku. 
610 2 0 |a absolventi 
610 2 0 |a nezamestnaní 
610 2 0 |a nezamestnanosť 
610 2 0 |a Slovensko 
610 2 0 |a vzdelanie ekonomické 
610 2 0 |a vzdelanie vysokoškolské 
610 2 0 |a vzdelávanie 
610 2 0 |a univerzity 
610 2 0 |a start-up 
610 2 0 |a podnik 
100 1 |a Šúbertová, Elena 
700 1 |a Halašová, Darina, 1954-